Name all Premier League teams - First and last letter - Statistics

General Stats
  • This quiz has been taken 60 times
    24 since last reset
  • The average score is 15 of 20
Answer Stats
First letter Team Last letter % Correct
M Manchester City Y
100%
A Arsenal L
94%
L Liverpool L
94%
M Manchester United D
94%
C Chelsea A
88%
F Fulham M
88%
W West Ham United D
81%
W Wolverhampton Wanderers S
81%
L Leeds United D
75%
N Newcastle United D
75%
T Tottenham Hotspur R
75%
B Brighton and Hove Albion N
63%
E Everton N
63%
S Southampton N
63%
W West Bromwich Albion N
63%
A Aston Villa A
56%
B Burnley Y
56%
L Leicester City Y
56%
C Crystal Palace E
50%
S Sheffield United D
50%
No matching quizzes found
Score Distribution
Percent of People with Each Score
Percentile by Number Answered
Your Score History
You have not taken this quiz since the last reset